| 000 | 00742nam a22003017a 4500 | ||
|---|---|---|---|
| 001 | BR0706506 | ||
| 003 | BR-BrBNA | ||
| 005 | 20230928102557.0 | ||
| 007 | ta | ||
| 008 | 230509b bl.||||| |||| 00| 0 por d | ||
| 040 |
_aBR-BrBNA _bpor _cBiblioteca Nacional de Agricultura |
||
| 041 | _a(Por) | ||
| 072 |
_aH10 _b0430 _b4020 |
||
| 090 | _ 0430 BR0706506 | ||
| 100 | 1 | _aSaran, P.E. | |
| 100 | 1 | _aThomazoni, D. | |
| 100 | 1 | _aSerra, A.P. | |
| 100 | 1 | _aDegrande, P. | |
| 245 | 1 | _aManual de insetos benéficos do algodoeiro | |
| 260 | 3 |
_anp.: _c[nd]. |
|
| 300 | _a220 p. | ||
| 500 | _a41 ref.; 163 illus. | ||
| 650 | _aALGODÃO | ||
| 650 | _aINSETO | ||
| 650 | _aBIOLOGIA | ||
| 909 |
_a202309 _bLucia _c55 _dLucia Elande |
||
| 942 | _cBK | ||
| 999 |
_c71493 _d71493 |
||